000 00297nam a22001217a 4500
008 170331b xxu||||| |||| 00| 0 eng d
041 _aeng
080 _a616-053.2
100 _a8
101 _aSHM
245 _aMANUAL TEKNIK PER KUADROT E MESME TE SHERBIMIT PEDIATRIK
_cGUDHA, A
942 _2udc
_cBK
999 _c9172
_d9172